[Event "Ambelokipi op 120th"]
[Site "Athens"]
[Date "2011.12.14"]
[Round "4"]
[White "Koutoukidis, Panagiotis"]
[Black "Shehu, Ervin"]
[Result "1-0"]
[WhiteElo "2084"]
[BlackElo "1810"]
[PlyCount "53"]
[EventDate "2011.12.03"]
[EventType "swiss"]
[EventRounds "7"]
[EventCountry "GRE"]
[SourceTitle "EXT 2024"]
[Source "ChessBase"]
[SourceDate "2023.10.10"]
[SourceVersion "1"]
[SourceVersionDate "2023.10.10"]
[SourceQuality "1"]

1. e4 c5 2. Nf3 d6 3. d4 cxd4 4. Nxd4 Nf6 5. Nc3 a6 6. Be3 e5 7. Nf3 Be7 8. Bc4 0-0 9. 0-0 Nc6 10. Bb3 Bg4 11. h3 Bh5 12. Re1 Rc8 13. Nd5 Nxd5 14. Bxd5 b5 15. c3 Kh8 16. g4 Bg6 17. Nd2 Bg5 18. Nf1 Bxe3 19. Nxe3 Qh4 20. Qf3 Rc7 21. Nf5 Bxf5 22. exf5 Ne7 23. Rad1 Nxd5 24. Rxd5 Qf6 25. Red1 Rd8 26. Kg2 Rc5 27. Rxd6 1-0

[Event "Ambelokipi op 111th"]
[Site "Athens"]
[Date "2011.03.26"]
[Round "5"]
[White "Sienczewski, Zbigniew"]
[Black "Shehu, Ervin"]
[Result "1-0"]
[WhiteElo "2218"]
[BlackElo "1733"]
[PlyCount "53"]
[EventDate "2011.03.12"]
[EventType "swiss"]
[EventRounds "7"]
[EventCountry "GRE"]
[SourceTitle "EXT 2024"]
[Source "ChessBase"]
[SourceDate "2023.10.10"]
[SourceVersion "1"]
[SourceVersionDate "2023.10.10"]
[SourceQuality "1"]

1. c4 Nf6 2. g3 g6 3. Bg2 Bg7 4. Nc3 0-0 5. Nf3 c6 6. 0-0 d6 7. d4 Bg4 8. h3 Bxf3 9. Bxf3 Na6 10. e4 e5 11. Be3 Ne8 12. dxe5 dxe5 13. Qxd8 Rxd8 14. Bxa7 Ra8 15. Be3 Nd6 16. Be2 f5 17. Rfd1 Nxe4 18. Nxe4 fxe4 19. Rd7 Rf7 20. Rad1 Raf8 21. c5 Nb4 22. Bc4 Nd5 23. R1xd5 cxd5 24. Bxd5 Bf6 25. Rxb7 Kg7 26. Rxf7+ Rxf7 27. Bxf7 1-0